La Fisura del estado como expresión de la crisis política de la burguesía en Bolivia /

Gespeichert in:
Bibliographische Detailangaben
1. Verfasser: Aillón Gómez, Tania
Format: Text
Schlagworte:
Tags: Tag hinzufügen
Keine Tags, Fügen Sie den ersten Tag hinzu!

MARC

LEADER 00000 a a2200000 04500
001 10994
003
040
100 |a Aillón Gómez, Tania  
245 |a La Fisura del estado como expresión de la crisis política de la burguesía en Bolivia /  |c Tania Aillón Gómez 
650 |a CONFLICTOS SOCIALES  
650 |a ESTANCAMIENTO ECONOMICO  
650 |a MOVIMIENTOS SOCIALES  
650 |a PRESUPUESTO NACIONAL  
650 |a BALANZA COMERCIAL  
650 |a INDICADORES ECONOMICOS  
773 |g volumen 4, número 10; páginas 37-52  
999 |c 39240  |d 39240